000 00339nam a2200145Ia 4500
005 20251222143154.0
008 251222s9999||||xx |||||||||||||| ||spa||
020 _a847112-370-3
082 _a370.1/B18
100 _aComp. Stephen J. Ball
245 0 _aFoucault y La Educación:
250 _a3a.ed.
264 _bMorata
942 _cLIB
999 _c12805
_d12805